Los lazos de la cultura (Record no. 66827)

MARC details
000 -LEADER
campo de control de longitud fija 01394nam a2200313 i 4500
001 - NÚMERO DE CONTROL
campo de control 66827
003 - IDENTIFICADOR DE NÚMERO DE CONTROL
campo de control ES-MaACL
005 - FECHA Y HORA DE LA ÚLTIMA TRANSACCIÓN
campo de control 20250823085843.0
007 - CAMPO FIJO DE DESCRIPCIÓN FÍSICA--INFORMACIÓN GENERAL
campo de control de longitud fija t|
008 - DATOS DE LONGITUD FIJA--INFORMACIÓN GENERAL
campo de control de longitud fija 040405s2002 sp ||||1| spa d
020 ## - NÚMERO INTERNACIONAL ESTÁNDAR DEL LIBRO
Número Internacional Estándar del Libro 84-00-08107-2
080 ## - NÚMERO DE LA CLASIFICACIÓN DECIMAL UNIVERSAL
Número de la Clasificación Decimal Universal 008(460:729.5)"19"
245 04 - MENCIÓN DEL TÍTULO
Título Los lazos de la cultura
Resto del título : el Centro de Estudios Históricos de Madrid y la Universidad de Puerto Rico, 1916-1939 /
Mención de responsabilidad, etc. Consuelo Naranjo, María Dolores Luque y Miguel Ángel Puig-Samper (editores).
260 ## - PUBLICACIÓN, DISTRIBUCIÓN, ETC.
Lugar de publicación, distribución, etc. Madrid :
Nombre del editor, distribuidor, etc. Consejo Superior de Investigaciones Científicas, Departamento de Historia de América ;
Lugar de publicación, distribución, etc. Río Piedras :
Nombre del editor, distribuidor, etc. Centro de Investigaciones Históricas de la Universidad de Puerto Rico,
Fecha de publicación, distribución, etc. 2002.
300 ## - DESCRIPCIÓN FÍSICA
Extensión 412 p. :
Otras características físicas il. ;
Dimensiones 24 cm.
490 1# - MENCIÓN DE SERIE
Mención de serie Tierra nueva e cielo nuevo ;
Designación de volumen o secuencia 46
504 ## - NOTA DE BIBLIOGRAFÍA, ETC.
Nota de bibliografía, etc. Bibliografía: p. [389]-412.
610 2# - PUNTO DE ACCESO ADICIONAL DE MATERIA--NOMBRE DE ENTIDAD CORPORATIVA
Nombre de entidad corporativa o nombre de jurisdicción como elemento de entrada Centro de Estudios Históricos (1910-1939)
9 (RLIN) 2638
610 24 - PUNTO DE ACCESO ADICIONAL DE MATERIA--NOMBRE DE ENTIDAD CORPORATIVA
Nombre de entidad corporativa o nombre de jurisdicción como elemento de entrada Universidad de Puerto Rico-
Subdivisión de forma Historia
9 (RLIN) 7274
651 #4 - PUNTO DE ACCESO ADICIONAL DE MATERIA--NOMBRE GEOGRÁFICO
Nombre geográfico Puerto Rico-
Subdivisión general Relaciones-
Subdivisión geográfica España.
9 (RLIN) 171081
651 #4 - PUNTO DE ACCESO ADICIONAL DE MATERIA--NOMBRE GEOGRÁFICO
Nombre geográfico España-
Subdivisión general Relaciones-
Subdivisión geográfica Puerto Rico.
9 (RLIN) 171082
700 1# - ENTRADA AGREGADA--NOMBRE PERSONAL
Nombre de persona Naranjo Orovio, Consuelo
9 (RLIN) 84927
700 1# - ENTRADA AGREGADA--NOMBRE PERSONAL
Nombre de persona Luque, María Dolores.
9 (RLIN) 74819
700 1# - ENTRADA AGREGADA--NOMBRE PERSONAL
Nombre de persona Puig-Samper, Miguel Ángel.
9 (RLIN) 94278
710 2# - ENTRADA AGREGADA--NOMBRE DE ENTIDAD CORPORATIVA
Nombre de entidad corporativa o nombre de jurisdicción como elemento de entrada Universidad de Puerto Rico
9 (RLIN) 7273
830 1# - PUNTO DE ACCESO ADICIONAL DE SERIE-TÍTULO UNIFORME
Título uniforme Tierra nueva e cielo nuevo ;
Designación de volumen o secuencia 46
9 (RLIN) 177608
852 ## - LOCALIZACIÓN
Ubicación ES-MaACL
Número de control de estantería L-27279
Holdings
Estatus retirado Estado de pérdida Estado de daño No para préstamo Biblioteca de origen Biblioteca actual Ubicación en estantería Fecha de adquisición Fuente de adquisición Total de préstamos Signatura topográfica completa Código de barras Visto por última vez Precio de reemplazo Tipo de ítem Koha
        Biblioteca del Ateneo de Madrid Biblioteca del Ateneo de Madrid Depósito 2 17/01/2008     L-27279 1069995 23/02/2023 23/02/2023 Libro impreso